000 00500nam a2200181Ia 4500
001 24384
005 20260414151039.0
008 260414t2022||||xx |||||||||||||| ||spa||
041 _aESP
082 _a345.7
_bD84 T. 2
110 _aDivisión de Estudios Jurídicos de Gaceta Jurídica
245 0 _aEl código procesal civil explicado en su doctrina y jurisprudencia
_b
260 _c2022
300 _a829 páginas :
_c25 cm.
650 _aDER
654 _aCDE
942 _cLIB
_dJUS
_fJUS
_2ddc
_n
999 _c24384
_d24384